00000000nam 2200000zi 4500
0019.922325
003CaOODSP
00520230818074319
006m     o  d f      
007cr |n|||||||||
008230505s2001    onc     o    f000 0 fre d
020 |z0662655192
040 |aCaOODSP|bfre|erda|cCaOODSP
043 |an-cn---
0861 |aC2-377/2001F-PDF|zC2-377/2001
24500|aÉquipe commerciale Canada de l'environnement : |bà la conquête du monde!
264 1|a[Ottawa] : |bIndustrie Canada = Industry Canada, |c[2001]
300 |a1 ressource en ligne (1 page non numérotée)
336 |atexte|btxt|2rdacontent/fre
337 |ainformatique|bc|2rdamedia/fre
338 |aressource en ligne|bcr|2rdacarrier/fre
500 |aÉdition numérisée de l'imprimé [par Innovation, Sciences et Développement économique Canada].
500 |aPublié aussi en anglais sous le titre : Trade Team Canada, Environment : taking on the world!
500 |a« 53321B. »
650 6|aEnvironnement|xIndustrie|zCanada.
650 6|aCommerce international|xPromotion|zCanada.
7101 |aCanada. |bIndustrie Canada, |eorganisme de publication.
7102 |aÉquipe Canda inc., |eorganisme de publication.
77508|tTrade Team Canada, Environment : |w(CaOODSP)9.922322
85640|qPDF|s63 Ko|uhttps://publications.gc.ca/collections/collection_2023/isde-ised/c2/C2-377-2001-fra.pdf